000 00565nam a22001697a 4500
005 20231101135936.0
008 231031b |||||||| |||| 00| 0 eng d
041 _aEnglish
082 _a346.7 COW
100 _aCowen, DV and Gering, L
_lEnglish
245 _aCowen on The Law of Negotiable Instruments in South Africa /
_cDV Cowen and L Gering
250 _aFourth Edition
260 _aCape Town :
_bJuta and Company Ltd,
_c1966
300 _bxxxix, 661 pages ;
_c26 cm.
650 _alegal practice
_bLaw
942 _cBK
_6ALISON_BN_VRIES
999 _c177
_d177